ポケまぜに登場するギミック - Statistics

General Stats
  • This quiz has been taken 8 times
  • The average score is 10 of 41
Answer Stats
説明 名称 % Correct
〜の隣で3回マッチするか、スキルを当てて壊そう! ホイップ
100%
〜の隣で3回マッチさせよう!スキルを当てると一度で消えるよ! 角砂糖
75%
〜をバスケットまで運ぼう!スキルやメガホンでは消すことができないよ。 トマト
75%
〜はつかんで動かせるよ。くるみ割り器まで運ぼう!スキルやメガホンでは消すことができないよ。 くるみ
63%
〜の隣でマッチするかスキルを当てて、包まれたものを取り出そう! オリーブオイル
50%
泡で包まれたものはふわふわ浮いてしまうよ。隣でマッチするかスキルを当てて泡を消そう! 炭酸
50%
〜の隣で2回マッチするかスキルを当てて消そう!消すと周りのものがオリーブオイルに包まれるよ! オリーブ
50%
隣で2回連続でマッチして消そう!連続でマッチしないと元に戻ってしまうので注意してね。 ゼリー
50%
〜はスキルかメガホンでしか消せないよ! ナッツ
38%
〜はどんどん増えていくよ!隣でマッチするかスキルで消そう! はちみつ
38%
隣でマッチするかスキルを当てて〜を壊そう!
38%
〜はどんどん増えていくよ!隣でマッチするかスキルを当てて消そう! キャラメル
38%
〜はスキルかメガホンを2回当てて壊そう! カボチャ
38%
〜の隣で5回マッチさせよう!スキルを当てると一度で消えるよ! チョコレート
38%
〜はスキルかメガホンを当てると包まれたものを取り出せるよ! グミ
38%
〜はどんどん増えていくよ!隣で2回マッチするかスキルを当てて消そう! バター
38%
ボトルが開いている間に隣でマッチするとマシュマロが取り出せるよ!閉じている間は消せないので注意してね! マシュマロボトル
25%
〜の隣で3回マッチするか、スキルを当てると壊せるよ! チーズ
25%
〜を通ったものは出口から出てくるよ!出口の前が空いてないと通らないので気を付けよう。 ろうと
25%
隣でマッチするかスキル、メガホンを当ててたまごを取り出そう! たまご
25%
隣でマッチするか、スキル、メガホンを当てていちごを取り出そう!5つ取り出すとバスケットが消えるよ。 いちごバスケット
25%
隣でマッチするかスキルを当てて中の野菜を取り出そう! 野菜コンテナ
13%
〜は中身が見えないよ!隣でマッチして包まれたものを取り出そう! マヨネーズ
13%
シェイカーとミルクを組み合わせよう!スキルやメガホン、アイテムでは消すことができないよ。 シェイカー&ミルク
13%
〜バスケットまで運ぼう!スキルやメガホンでは消すことができないよ。 バジル
13%
〜は連続で3回隣でマッチするか、スキルを当てると一度で消せるよ! ポップコーン
0%
〜の隣でマッチするとホイップが出てくるよ! ホイップ絞り袋
0%
〜はスキルかメガホンでしか消せないよ! フルーツ缶
0%
〜はスキルかメガホンでしか消せないよ! コーヒー氷
0%
〜の隣で4回マッチさせよう!スキル、メガホンを当てると一度で消せるよ! ケチャップ
0%
瓶が開いている間に隣でマッチするとピクルスを取り出せるよ!閉じている間は消せないので注意してね! ピクルス瓶
0%
隣で2回マッチするか、スキル、メガホンを当てるとポケモンやメガホン、スキルが出てくるよ!
中身が他のギミックに包まれていることもあるので注意してね。
クッキングシート
0%
蓋が開いている間に隣で2回マッチするか、スキルを当てると消せるよ!閉じている間は消せないので注意してね! ソルト&ペッパー
0%
スキルかメガホンを2回当てると消せるよ! 茶筒
0%
〜はどんどん増えていくよ!隣で2回マッチするかスキルを当てて消そう! 練乳
0%
隣で2回マッチするかスキルを当てて消そう!消える時、周りのポケモンやギミックを巻き込むよ! シュー生地
0%
隣で3回マッチするかスキルかメガホンを当てるとポケモンやメガホン、スキルが出てくるよ!中身が他のギミックに包まれていることもあるので注意してね。 ココット鍋
0%
〜は隣で3回マッチすると動くようになるよ!合計4回隣でマッチするかスキルを当てて消そう! カブ
0%
隣で3回マッチするかスキルを当てて消そう!消すと周りのものが炭酸に包まれるよ! 炭酸ボトル
0%
〜はスキルを当てると動くようになるよ。合計2回スキルを当てて消そう! キャンディボトル
0%
〜はスキルかメガホンでしか消せないよ! スイカ
0%
No matching quizzes found
Score Distribution
Percent of People with Each Score
Percentile by Number Answered
Your Score History
You have not taken this quiz